Statistiques concernant Doctor Who - Episode S8

Cliquez ici pour prendre le quiz!

Statistiques générales

  • Ce quiz a été pris 3 fois
  • Le résultat moyen est 7 sur 12

Statistiques - réponses

EpisodesTitres% Correct
4Jamais seul
100%
5Braquage temporel
67%
2Dans le ventre du Dalek
67%
1En apnée
67%
6Le Gardien
67%
10Promenons-nous dans les bois...
67%
3Robot des bois
67%
9A plat
33%
8La Momie de l'Orient-Express
33%
11La Necrosphère
33%
7La Première Femme sur la Lune
33%
12Mort au paradis
33%

Distribution des résultats

Percentile par nombre de réponses

% des personnes avec chaque résultat

Votre développement - résultats

Vous n’avez pas pris ce quiz